|
|
|
|
| LEADER |
00000naa2a2200000 4500 |
| 001 |
162061 |
| 005 |
20231031160200.0 |
| 035 |
|
|
|a (RuTPU)RU\TPU\book\175740
|
| 090 |
|
|
|a 162061
|
| 100 |
|
|
|a 20090617d2008 k y0rusy50 ca
|
| 101 |
0 |
|
|a rus
|
| 102 |
|
|
|a RU
|
| 200 |
1 |
|
|a Организация производства запасных частей на специализированных предприятиях для МТП агропромышленного комплекса
|f В. А. Журавлёв
|
| 320 |
|
|
|a Библиогр.: 3 назв.
|
| 463 |
|
0 |
|0 (RuTPU)RU\TPU\book\164827
|t Инновационные технологии и экономика в машиностроении
|o труды VI Всероссийской научно-практической конференции с международным участием, 15-16 мая 2008 года, Юрга
|f Томский политехнический университет (ТПУ), Юргинский технологический институт (ЮТИ)
|v С. 437-438
|d 2008
|p 479 с.
|
| 610 |
1 |
|
|a агропромышленный комплекс
|
| 610 |
1 |
|
|a машинно-технологические станции
|
| 610 |
1 |
|
|a тракторы
|
| 610 |
1 |
|
|a сельскохозяйственное машиностроение
|
| 610 |
1 |
|
|a запасные части
|
| 610 |
1 |
|
|a партия запуска
|
| 610 |
1 |
|
|a труды учёных ТПУ
|
| 700 |
|
1 |
|a Журавлёв
|b В. А.
|c старший преподаватель
|c Юргинский технологический институт (филиал) Томского политехнического университета
|g Василий Александрович
|2 stltpush
|3 (RuTPU)RU\TPU\pers\24292
|
| 801 |
|
1 |
|a RU
|b 63413507
|c 20090617
|g PSBO
|
| 942 |
|
|
|c BK
|